[Event "ESP-ch U14 rapid"]
[Site "Salobrena"]
[Date "2024.07.21"]
[Round "6"]
[White "Rivera Jimenez, Eric"]
[Black "Ballo Serrano, Jan"]
[Result "0-1"]
[WhiteElo "1503"]
[BlackElo "1788"]
[PlyCount "40"]
[EventDate "2024.07.20"]
[EventType "swiss (rapid)"]
[EventRounds "9"]
[EventCountry "ESP"]
[SourceTitle "CBM 221 Extra"]
[Source "ChessBase"]
[SourceDate "2024.09.30"]
[SourceVersion "1"]
[SourceVersionDate "2024.09.30"]
[SourceQuality "1"]

1. e4 c5 2. Nc3 a6 3. f4 b5 4. g3 Bb7 5. Bg2 e6 6. Nf3 b4 7. Ne2 Bxe4 8. d3 Bb7 9. 0-0 Nf6 10. d4 Be7 11. Be3 cxd4 12. Bxd4 d6 13. Qd2 Nc6 14. Bf2 0-0 15. Nfd4 Qc7 16. Rac1 Nxd4 17. Bxb7 Nxe2+ 18. Qxe2 Qxb7 19. Rfe1 Rfc8 20. f5 e5 0-1

[Event "ESP-ch U14"]
[Site "Salobrena"]
[Date "2024.07.19"]
[Round "8"]
[White "Rivera Jimenez, Eric"]
[Black "Palahi Hervas, Dalmau"]
[Result "0-1"]
[WhiteElo "1713"]
[BlackElo "1834"]
[PlyCount "78"]
[EventDate "2024.07.15"]
[EventType "swiss"]
[EventRounds "9"]
[EventCountry "ESP"]
[SourceTitle "EXT 2025"]
[Source "ChessBase"]
[SourceDate "2024.10.14"]
[SourceVersion "1"]
[SourceVersionDate "2024.10.14"]
[SourceQuality "1"]

1. d4 d5 2. Bf4 Nf6 3. e3 e6 4. Nf3 Be7 5. Nbd2 Nbd7 6. Bd3 b6 7. 0-0 Bb7 8. Ne5 0-0 9. Qf3 c5 10. c3 Rc8 11. g4 Nxe5 12. dxe5 Nd7 13. Qg3 Re8 14. g5 Nf8 15. h4 d4 16. exd4 cxd4 17. Be4 Bxe4 18. Nxe4 Ng6 19. Rfd1 Qc7 20. Rxd4 Nxf4 21. Qxf4 Bc5 22. Nxc5 Qxc5 23. Rad1 Qb5 24. Rd7 Rf8 25. Rxa7 Qxb2 26. Rdd7 Qb1+ 27. Kh2 Qg6 28. Qd4 b5 29. Rab7 Rc4 30. Qd6 Rxh4+ 31. Kg2 Qxg5+ 32. Kf1 Rh1+ 33. Ke2 Qg4+ 34. f3 Qg2+ 35. Ke3 Re1+ 36. Kd4 Qf2+ 37. Kd3 Qe3+ 38. Kc2 Rc1+ 39. Kb2 Qxc3# 0-1